000 00809nab a2200241 u 4500
001 09837
003 HDC
007 cr bn ---aaaaa
008 210202c9999 |r|nos 0 a eng d
040 _aHDC
110 _aBusiness Standard
245 0 _aIndia's first halal cosmetic brand Iba Halal Care launched
260 _a[no place] :
_b[publisher not identified],
_c[no year]
336 _atext
_2rdacontent
337 _acomputer
_2rdamedia
338 _aonline resource
_2rdacarrier
650 _ahalal cosmetics brand
_910087
650 _aIba Halal Care
_910088
856 _zRequest full-text at [email protected]
942 _2lcc
942 _cNEWS
942 _kNWSO 000025
999 _c7160
_d7160